The kingdom of heaven. (Record no. 12585)

000 -LEADER
fixed length control field 00555nam a2200193 a 4500
001 - CONTROL NUMBER
control field :::00010393$&:&@@
003 - CONTROL NUMBER IDENTIFIER
control field OkBaRHE
005 - DATE AND TIME OF LATEST TRANSACTION
control field 20000607103358.0
008 - FIXED-LENGTH DATA ELEMENTS--GENERAL INFORMATION
fixed length control field j 000 0 eng u
040 ## - CATALOGING SOURCE
Transcribing agency
100 1# - MAIN ENTRY--PERSONAL NAME
Personal name Dennis, J. A.
245 14 - TITLE STATEMENT
Title The kingdom of heaven.
260 ## - PUBLICATION, DISTRIBUTION, ETC. (IMPRINT)
Place of publication, distribution, etc Austin, TX., :
Name of publisher, distributor, etc Words of Life, Inc.
Date of publication, distribution, etc nd
300 ## - PHYSICAL DESCRIPTION
Extent 64 p. ;
Dimensions 15 cm.
650 ## - SUBJECT ADDED ENTRY--TOPICAL TERM
Topical term or geographic name as entry element Authority Religion
650 ## - SUBJECT ADDED ENTRY--TOPICAL TERM
Topical term or geographic name as entry element Christian Life
942 ## - ADDED ENTRY ELEMENTS (KOHA)
Source of classification or shelving scheme
Koha item type Books
Copies
Not for loan Date acquired Lost status Permanent Location Full call number Shelving location Barcode Copy number Koha item type Withdrawn status Date last seen Damaged status Price effective from Source of classification or shelving scheme
 2010-04-14 RHEMA Bible Training CollegeBV 4501 .D4General Stacks103931Books 2010-04-14 2010-04-14